|
|
|
|
| LEADER |
00775nam a2200241 a 4500 |
| 001 |
GR-MES5321 |
| 008 |
991111s1994 enk 000 b eng d |
| 020 |
|
|
|a 0273603485
|
| 040 |
|
|
|a GrPaTEI
|b gre
|c GR-PaULI
|
| 245 |
0 |
0 |
|a European business.
|
| 250 |
|
|
|a 2nd
|
| 260 |
|
|
|a London :
|b Pitman,
|c 1994
|
| 300 |
|
|
|a 310σελ.
|
| 650 |
|
4 |
|a Επιχειρήσεις
|
| 650 |
|
4 |
|a Ευρώπη
|
| 650 |
|
4 |
|a Οικονομία
|
| 700 |
1 |
|
|a Prescott, K.
|
| 700 |
1 |
|
|a Welford, R.
|
| 710 |
0 |
|
|a Pitman
|
| 942 |
|
|
|2 ddc
|
| 952 |
|
|
|0 0
|1 0
|2 ddc
|4 0
|6 338_700000000000000_WEL
|7 0
|9 275897
|a MSLG
|b MSLG
|c BSC
|d 2021-01-17
|e 24
|f 0
|g 0.00
|l 0
|o 338.7 WEL
|p 2420000015847
|r 2021-01-17 00:00:00
|t 1
|w 2021-01-17
|y BK15
|x 19991111 0 1
|x GrPaTEI
|
| 971 |
|
|
|a .b25837886
|b 15-04-20
|c 14-09-16
|
| 999 |
|
|
|c 159938
|d 159938
|